|
|
|
|
| LEADER |
05196nam a22004935i 4500 |
| 001 |
978-1-60327-874-4 |
| 003 |
DE-He213 |
| 005 |
20151204164856.0 |
| 007 |
cr nn 008mamaa |
| 008 |
100917s2010 xxu| s |||| 0|eng d |
| 020 |
|
|
|a 9781603278744
|9 978-1-60327-874-4
|
| 024 |
7 |
|
|a 10.1007/978-1-60327-874-4
|2 doi
|
| 040 |
|
|
|d GrThAP
|
| 050 |
|
4 |
|a RJ1-570
|
| 072 |
|
7 |
|a MJW
|2 bicssc
|
| 072 |
|
7 |
|a MED069000
|2 bisacsh
|
| 082 |
0 |
4 |
|a 618.92
|2 23
|
| 245 |
1 |
0 |
|a Pediatric Obesity
|h [electronic resource] :
|b Etiology, Pathogenesis, and Treatment /
|c edited by Michael Freemark.
|
| 250 |
|
|
|a 1.
|
| 264 |
|
1 |
|a New York, NY :
|b Springer New York :
|b Imprint: Humana Press,
|c 2010.
|
| 300 |
|
|
|a XV, 487 p.
|b online resource.
|
| 336 |
|
|
|a text
|b txt
|2 rdacontent
|
| 337 |
|
|
|a computer
|b c
|2 rdamedia
|
| 338 |
|
|
|a online resource
|b cr
|2 rdacarrier
|
| 347 |
|
|
|a text file
|b PDF
|2 rda
|
| 490 |
1 |
|
|a Contemporary Endocrinology
|
| 505 |
0 |
|
|a The Obesity Epidemic: A Global Perspective -- Global Dynamics in Childhood Obesity: Reflections on a Life of Work in the Field -- The Neuroendocrine Perspective: The Control of Appetite and Energy Expenditure -- The Neuroendocrine Control of Energy Balance -- The Genetics of Childhood Obesity -- Monogenic Obesity -- Syndromic Obesity -- Polygenic Obesity -- Racial Differences in Childhood Obesity: Pathogenesis and Complications -- Pre- and Perinatal Determinants of Childhood Obesity -- Maternal Determinants of Childhood Obesity: Weight Gain, Smoking, and Breastfeeding -- Intrauterine Growth Retardation -- Gestational Diabetes -- The Roles of Diet and Energy Expenditure in Obesity Pathogenesis -- The Role of Diet -- Energy Expenditure in Children: The Role of NEAT -- Metabolic Complications of Childhood Obesity -- Childhood Obesity and the Regulation of Growth, Thyroid Function, Sexual Development, and Calcium Homeostasis -- Pathogenesis of Insulin Resistance and Glucose Intolerance in Childhood Obesity -- Pathogenesis and Management of Dyslipidemia in Obese Children -- Fatty Liver Disease -- Pathogenesis of Hypertension and Renal Disease in Obesity -- Sleep-Disordered Breathing and Sleep Duration in Childhood Obesity -- The Long-Term Metabolic Complications of Childhood Obesity -- Childhood Obesity, Atherogenesis, and Adult Cardiovascular Disease -- Treatment of Childhood Obesity: Lifestyle Intervention -- Family-Based Behavioral Interventions -- Exercise and Childhood Obesity -- School- and Community-Based Interventions -- Management of Obesity with Complications: Pharmacotherapy and Bariatric Surgery -- Pharmacotherapy of Childhood Obesity and Pre-diabetes -- Pathogenesis and Management of Adiposity and Insulin Resistance in PCOS: Prevention and Treatment of the Metabolic Disease Components -- Obesity and Metabolic Dysfunction in the Child with a Major Behavioral Disorder: Atypical Antipsychotics -- Hypothalamic Obesity -- Bariatric Surgery in Adolescents -- Challenges to Long-Term Success -- Neuroendocrine and Metabolic Adaptations in the Central Nervous System That Facilitate Weight Regain -- The Socio-cultural Context for Obesity Prevention and Treatment in Children and Adolescents: Influences of Ethnicity and Gender -- The Future of Childhood Obesity in the Global Marketplace -- The Marketing and Distribution of Fast Food -- Local and National Policy-Based Interventions: To Improve Children’s Nutrition.
|
| 520 |
|
|
|a Childhood obesity and its co-morbidities -- including type 2 diabetes, hypertension, dyslipidemia, sleep apnea, and fatty liver disease -- have seen striking increases in recent years. Despite a wealth of investigation, there is considerable controversy regarding the etiology of childhood obesity and the optimal approaches for prevention and treatment. Pediatric Obesity: Etiology, Pathogenesis, and Treatment addresses the controversy with a range of features that make it a unique resource for those who care for obese children and their families. Written from a perspective that is international in scope, the distinguished authors re-assess the roles of genetic and environmental factors in the pathogenesis of childhood obesity and critically review new studies of the effects of lifestyle, pharmacologic, and surgical interventions. The evidence-based approach of Pediatric Obesity: Etiology, Pathogenesis, and Treatment provides a comprehensive and invaluable guide for all healthcare providers concerned with the evaluation and care of children with nutritional and metabolic disease and with the societal implications of the obesity epidemic.
|
| 650 |
|
0 |
|a Medicine.
|
| 650 |
|
0 |
|a General practice (Medicine).
|
| 650 |
|
0 |
|a Internal medicine.
|
| 650 |
|
0 |
|a Pediatrics.
|
| 650 |
1 |
4 |
|a Medicine & Public Health.
|
| 650 |
2 |
4 |
|a Pediatrics.
|
| 650 |
2 |
4 |
|a General Practice / Family Medicine.
|
| 650 |
2 |
4 |
|a Internal Medicine.
|
| 700 |
1 |
|
|a Freemark, Michael.
|e editor.
|
| 710 |
2 |
|
|a SpringerLink (Online service)
|
| 773 |
0 |
|
|t Springer eBooks
|
| 776 |
0 |
8 |
|i Printed edition:
|z 9781603278737
|
| 830 |
|
0 |
|a Contemporary Endocrinology
|
| 856 |
4 |
0 |
|u http://dx.doi.org/10.1007/978-1-60327-874-4
|z Full Text via HEAL-Link
|
| 912 |
|
|
|a ZDB-2-SME
|
| 950 |
|
|
|a Medicine (Springer-11650)
|